Obálka
Pro půjčování e-knih musíte být přihlášeni.
Jak si půjčit online?

Na kopci /

Detektivní příběh s mystickou zápletkou. Student-novinář a bývalá policistka se snaží rozluštit tajemství andělského zjevení na Šumavě.

Uloženo v:
Hlavní autor: Březina, Jiří, 1980- (Autor)
Další autoři: Holý, Marek, 1979- (Autor)
Médium: E-audiokniha
Jazyk:Czech
Vydáno: Praha : Voxi, [2023]
Témata:
Tagy:
Žádné tagy
LEADER 04454nim a2200985 i 4500
001 313197
003 CZ PrSKC
005 20260601215737.0
007 sd fungnnmmned
008 240322t20232023xr nnnng f n cze
015 |a cnb003596789 
024 3 |a 8594050437524 
040 |a ABA001  |b cze  |e rda 
072 7 |a 821.162.3-3  |x Česká próza  |2 Konspekt 
080 |a 821.162.3-31  |2 MRF 
080 |a (0:82-312.4)  |2 MRF 
080 |a (086.7)08  |2 MRF 
080 |a (086.76)  |2 MRF 
100 1 |a Březina, Jiří,  |d 1980-  |7 xx0114321  |4 aut 
245 1 0 |a Na kopci /  |c Jiří Březina 
264 1 |a Praha :  |b Voxi,  |c [2023] 
264 4 |c ©2023 
300 |a 1 audiodisk (10 hod., 54 min.) ;  |c 12 cm 
306 |a 105400 
336 |a mluvené slovo  |b spw  |2 rdacontent 
337 |a audio  |b s  |2 rdamedia 
338 |a audiodisk  |b sd  |2 rdacarrier 
344 |a digital  |b optical  |2 rda 
347 |a audio soubor  |b MP3  |2 rda 
500 |a Název z disku 
500 |a Copyright Albatros Media 
500 |a Nezkrácená audiokniha ve formátu MP3 
500 |a Podle stejnojmenné knihy vydané nakladatelstvím Motto v roce 2023 
511 0 |a Čte Marek Holý 
520 2 |a Detektivní příběh s mystickou zápletkou. Student-novinář a bývalá policistka se snaží rozluštit tajemství andělského zjevení na Šumavě.  |b Marie v dětství prožila událost, ze které se dodneška nemůže vzpamatovat. Vesnici na Šumavě, kde měla zjevení, věřící nyní uctívají jako poutní místo. Ona se jí však vyhýbá a odmítá podporovat šílenství, na které nemá jednotný názor ani samotná církev. Její příběh zaujme začínajícího novináře Milana, který zjišťuje, že údajný zázrak je obestřený podezřelými okolnostmi a nevysloveným tajemstvím. Jakou roli v něm vlastně Marie sehrála? Nakladatelská anotace. 
655 7 |a české romány  |7 fd133974  |2 czenas 
655 7 |a detektivní romány  |7 fd132010  |2 czenas 
655 7 |a audioknihy  |7 fd119452  |2 czenas 
655 7 |a kompaktní disky  |7 fd201991  |2 czenas 
700 1 |a Holý, Marek,  |d 1979-  |7 jo2012687577  |4 nrt 
900 |a ABA001  |b 18 
044 |a xr 
505 0 0 |t 00_Prolog (7 min., 35 sek.) 
505 0 0 |t 01_Kapitola 1 (12 min., 27 sek.) 
505 0 0 |t 02_Kapitola 2 (7 min., 39 sek.) 
505 0 0 |t 03_Kapitola 3 (13 min., 37 sek.) 
505 0 0 |t 04_Kapitola 4 (35 min., 50 sek.) 
505 0 0 |t 05_Kapitola 5 (11 min., 21 sek.) 
505 0 0 |t 06_Kapitola 6 (19 min., 59 sek.) 
505 0 0 |t 07_Kapitola 7 (7 min., 41 sek.) 
505 0 0 |t 08_Kapitola 8 (9 min., 3 sek.) 
505 0 0 |t 09_Kapitola 9 (14 min., 48 sek.) 
505 0 0 |t 10_Kapitola 10 (23 min., 10 sek.) 
505 0 0 |t 11_Kapitola 11 (22 min., 51 sek.) 
505 0 0 |t 12_Kapitola 12 (22 min., 20 sek.) 
505 0 0 |t 13_Kapitola 13 (23 min., 49 sek.) 
505 0 0 |t 14_Kapitola 14 (15 min., 5 sek.) 
505 0 0 |t 15_Kapitola 15 (22 min., 13 sek.) 
505 0 0 |t 16_Kapitola 16 (12 min., 53 sek.) 
505 0 0 |t 17_Kapitola 17 (22 min., 56 sek.) 
505 0 0 |t 18_Kapitola 18 (14 min., 58 sek.) 
505 0 0 |t 19_Kapitola 19 (19 min., 12 sek.) 
505 0 0 |t 20_Kapitola 20 (20 min., 7 sek.) 
505 0 0 |t 21_Kapitola 21 (24 min., 10 sek.) 
505 0 0 |t 22_Kapitola 22 (23 min., 13 sek.) 
505 0 0 |t 23_Kapitola 23 (19 min., 23 sek.) 
505 0 0 |t 24_Kapitola 24 (25 min., 32 sek.) 
505 0 0 |t 25_Kapitola 25 (8 min., 10 sek.) 
505 0 0 |t 26_Kapitola 26 (18 min., 15 sek.) 
505 0 0 |t 27_Kapitola 27 (20 min., 15 sek.) 
505 0 0 |t 28_Kapitola 28 (13 min., 4 sek.) 
505 0 0 |t 29_Kapitola 29 (11 min., 13 sek.) 
505 0 0 |t 30_Kapitola 30 (11 min., 55 sek.) 
505 0 0 |t 31_Kapitola 31 (15 min., 23 sek.) 
505 0 0 |t 32_Kapitola 32 (11 min., 22 sek.) 
505 0 0 |t 33_Kapitola 33 (17 min., 31 sek.) 
505 0 0 |t 34_Kapitola 34 (12 min., 53 sek.) 
505 0 0 |t 35_Kapitola 35 (29 min., 3 sek.) 
505 0 0 |t 36_Kapitola 36 (7 min., 58 sek.) 
505 0 0 |t 37_Kapitola 37 (9 min., 17 sek.) 
505 0 0 |t 38_Kapitola 38 (10 min., 21 sek.) 
505 0 0 |t 39_Epilog (4 min., 46 sek.) 
910 |a RBIT002 
998 |d 393703  |a https://core.palmknihy.cz/api/books/393703/cover?shcg5f  |b https://core.palmknihy.cz/api/books/393703/cover/400?shcg5f  |c https://core.palmknihy.cz/api/books/393703/cover/50?shcg5f  |e 2033-12-31  |i 8594050437524  |l 39240  |q 49  |r 1  |s https://www.palmknihy.cz/kniha/393703  |t audiobook  |y 2023  |z 0 
999 |d 313195